000 00300nam a2200133 i 4500
001 bg
245 0 _aStatisticeskie metody v eksperimentalnej fizike.
260 _aMoskva,
_c1976.
040 _cBPK
041 _apol
080 _a519.2
942 _cKS
008 s pl f |000 0 pol
999 _c16988
_d16988
856 _uhttp://koha.tu.koszalin.pl/cgi-bin/koha/opac-detail.pl?biblionumber=16988
_yKatalog online BPK